[Event "Budapest-chT1 Lilienthal 1718"]
[Site "Budapest"]
[Date "2018.03.18"]
[Round "12"]
[White "Fodor, Balazs"]
[Black "Antal, Attila"]
[Result "1-0"]
[WhiteElo "2158"]
[BlackElo "2047"]
[PlyCount "93"]
[EventDate "2017.10.01"]
[EventType "team-tourn"]
[EventRounds "13"]
[EventCountry "HUN"]
[SourceTitle "EXT 2021"]
[Source "ChessBase"]
[SourceDate "2020.10.23"]
[SourceVersion "1"]
[SourceVersionDate "2020.10.23"]
[SourceQuality "1"]
[WhiteTeam "Budapest MTK III"]
[BlackTeam "SENSE"]
[WhiteTeamCountry "HUN"]
[BlackTeamCountry "HUN"]

1. d4 d5 2. c4 c6 3. Nf3 Nf6 4. Nc3 e6 5. e3 Nbd7 6. Qc2 Bd6 7. e4 dxe4 8. Nxe4 Nxe4 9. Qxe4 Nf6 10. Qc2 0-0 11. Bd3 c5 12. dxc5 Bxc5 13. 0-0 h6 14. Bf4 b6 15. Be4 Nxe4 16. Qxe4 Ba6 17. Ne5 Qd4 18. Qf3 Bxc4 19. Rfd1 Bd5 20. Qg3 Qxb2 21. Nd7 f6 22. Nxf8 Kxf8 23. a4 Qb4 24. Rdb1 Qe4 25. Bd6+ Bxd6 26. Qxd6+ Kg8 27. f3 Qe3+ 28. Kh1 Rc8 29. Re1 Qc5 30. Qf4 Qa5 31. Rec1 Rc5 32. h4 Qa6 33. Rxc5 bxc5 34. Rb1 h5 35. Rb8+ Kh7 36. Rd8 Qf1+ 37. Kh2 Qe1 38. Rd7 Kg6 39. Rxa7 e5 40. Qg3+ Qxg3+ 41. Kxg3 c4 42. a5 e4 43. fxe4 Bxe4 44. Rc7 Bd5 45. a6 Kf5 46. Rc5 Ke4 47. Rxd5 1-0

[Event "Budapest-chT1 Lilienthal 1718"]
[Site "Budapest"]
[Date "2017.10.15"]
[Round "2"]
[White "Antal, Attila"]
[Black "Benyei, Antal"]
[Result "1-0"]
[WhiteElo "2047"]
[BlackElo "1956"]
[PlyCount "61"]
[EventDate "2017.10.01"]
[EventType "team-tourn"]
[EventRounds "13"]
[EventCountry "HUN"]
[SourceTitle "EXT 2021"]
[Source "ChessBase"]
[SourceDate "2020.10.23"]
[SourceVersion "1"]
[SourceVersionDate "2020.10.23"]
[SourceQuality "1"]
[WhiteTeam "SENSE"]
[BlackTeam "Mattolda"]
[WhiteTeamCountry "HUN"]
[BlackTeamCountry "HUN"]

1. e4 e5 2. Nf3 Nc6 3. Bc4 Bc5 4. c3 Nf6 5. d3 h6 6. b4 Bd6 7. 0-0 a5 8. b5 Ne7 9. d4 Ng6 10. Re1 c5 11. dxe5 Bxe5 12. Nxe5 Nxe5 13. Bd5 0-0 14. f4 Ng6 15. c4 d6 16. Nc3 Rb8 17. Qd3 Qd7 18. Qg3 Qg4 19. Qxg4 Nxg4 20. b6 Bd7 21. Rb1 Rfd8 22. Nb5 Bc6 23. Bxc6 bxc6 24. Na7 Ne7 25. a4 Rd7 26. Bd2 Nf6 27. Bxa5 Rdb7 28. e5 dxe5 29. Rxe5 Ra8 30. Rbe1 Kf8 31. Rxe7 1-0

[Event "Budapest-chT1 Lilienthal 1516"]
[Site "Budapest"]
[Date "2015.11.15"]
[Round "4"]
[White "Antal, Attila"]
[Black "Peczeli, Zoltan"]
[Result "1/2-1/2"]
[WhiteElo "2041"]
[BlackElo "2089"]
[PlyCount "62"]
[EventDate "2015.09.20"]
[EventType "team-tourn"]
[EventRounds "9"]
[EventCountry "HUN"]
[SourceTitle "EXT 2021"]
[Source "ChessBase"]
[SourceDate "2020.10.23"]
[SourceVersion "1"]
[SourceVersionDate "2020.10.23"]
[SourceQuality "1"]
[WhiteTeam "SENSE"]
[BlackTeam "Fabulon"]
[WhiteTeamCountry "HUN"]
[BlackTeamCountry "HUN"]

1. e4 c5 2. Nf3 Nc6 3. d4 cxd4 4. Nxd4 g6 5. c4 Nf6 6. Nc3 Nxd4 7. Qxd4 d6 8. Be3 Bg7 9. f3 0-0 10. Qd2 a5 11. b3 a4 12. b4 a3 13. Be2 Be6 14. Rc1 Nd7 15. 0-0 Qb8 16. Nd5 Bxd5 17. cxd5 Bb2 18. Rc2 Rc8 19. f4 Nf6 20. Bd3 Rxc2 21. Qxc2 Qd8 22. h3 Rc8 23. Qf2 Rc3 24. Rd1 Qc8 25. Qd2 Nd7 26. Bd4 Rc1 27. Rxc1 Qxc1+ 28. Qxc1 Bxc1 29. g3 Bb2 30. Be3 Bc3 31. b5 Nc5 1/2-1/2

[Event "Budapest-chT1 Lilienthal 1516"]
[Site "Budapest"]
[Date "2015.09.20"]
[Round "1"]
[White "Furedi, Erik"]
[Black "Antal, Attila"]
[Result "1-0"]
[WhiteElo "2040"]
[BlackElo "2041"]
[PlyCount "71"]
[EventDate "2015.09.20"]
[EventType "team-tourn"]
[EventRounds "9"]
[EventCountry "HUN"]
[SourceTitle "EXT 2021"]
[Source "ChessBase"]
[SourceDate "2020.10.23"]
[SourceVersion "1"]
[SourceVersionDate "2020.10.23"]
[SourceQuality "1"]
[WhiteTeam "Budapest Vasas II"]
[BlackTeam "SENSE"]
[WhiteTeamCountry "HUN"]
[BlackTeamCountry "HUN"]

1. e4 e5 2. Nf3 Nc6 3. Bc4 Nf6 4. d3 Bc5 5. c3 d6 6. b4 Bb6 7. Qb3 0-0 8. Bg5 Bd7 9. Nbd2 a5 10. b5 a4 11. Qc2 Na5 12. Qxa4 Nxc4 13. Qxc4 Qe8 14. Bxf6 gxf6 15. Nh4 Bxb5 16. Qb3 Bd7 17. Nc4 Be6 18. Nf5 Bxf5 19. exf5 Qd7 20. Nxb6 cxb6 21. Qxb6 Qxf5 22. Qb5 Qg5 23. 0-0 Qd2 24. Qb4 Rfd8 25. f4 Qe3+ 26. Kh1 Qxd3 27. fxe5 fxe5 28. Rf3 Qd5 29. Qh4 e4 30. Rg3+ Kf8 31. Rf1 Ke8 32. Rg7 Rxa2 33. Rg8+ Kd7 34. Qxd8+ Kc6 35. Qc8+ Kb6 36. Rb1+ 1-0

[Event "Budapest op 4th"]
[Site "Budapest"]
[Date "2014.08.19"]
[Round "4"]
[White "Antal, Attila"]
[Black "Yip, Michael"]
[Result "1/2-1/2"]
[WhiteElo "2048"]
[BlackElo "1916"]
[PlyCount "133"]
[EventDate "2014.08.16"]
[EventType "swiss"]
[EventRounds "9"]
[EventCountry "HUN"]
[SourceTitle "CBM 161 Extra"]
[Source "ChessBase"]
[SourceDate "2014.08.29"]
[SourceVersion "1"]
[SourceVersionDate "2014.08.29"]
[SourceQuality "1"]

1. e4 d6 2. d4 Nf6 3. Nc3 e5 4. dxe5 dxe5 5. Qxd8+ Kxd8 6. f4 Bb4 7. Bd3 Nbd7 8. Nf3 c6 9. fxe5 Ng4 10. Bg5+ Ke8 11. Bf4 Bxc3+ 12. bxc3 Nc5 13. h3 Nh6 14. g4 Ng8 15. Nd4 g6 16. 0-0-0 h5 17. g5 Ne7 18. Rde1 Ne6 19. Be3 b5 20. Nb3 Bd7 21. Nc5 Nxc5 22. Bxc5 Be6 23. a3 Nc8 24. a4 a6 25. a5 Rb8 26. Be2 Rb7 27. Rd1 Rd7 28. Rd4 Kd8 29. h4 Kc7 30. Rhd1 Rhd8 31. Kb2 Bh3 32. Kb3 Be6+ 33. Kb4 Bh3 34. Rxd7+ Bxd7 35. Bd6+ Kb7 36. c4 Be6 37. cxb5 cxb5 38. Bc5 Re8 39. Kc3 Ne7 40. Bxe7 Rxe7 41. Rd6 Rc7+ 42. Kd2 Rc5 43. c3 Rxe5 44. Bf3 Bc8 45. Kd3 Kc7 46. Rf6 Re7 47. Kd4 Be6 48. e5 Rd7+ 49. Ke3 Kb8 50. Be4 Re7 51. Rf2 Rc7 52. Rc2 Rc4 53. Rc1 Ra4 54. Rd1 Rxa5 55. Rd6 Ra3 56. Bxg6 Rxc3+ 57. Kd2 Rc5 58. Rxa6 Rxe5 59. Bxh5 Kb7 60. Ra1 Kb6 61. Rf1 Re4 62. Rf6 Kc5 63. Bxf7 Bxf7 64. Rxf7 Rxh4 65. g6 Rg4 66. g7 Kb6 67. Kc3 1/2-1/2

[Event "Budapest op 4th"]
[Site "Budapest"]
[Date "2014.08.18"]
[Round "3"]
[White "Szurkos, Andras"]
[Black "Antal, Attila"]
[Result "1-0"]
[WhiteElo "1775"]
[BlackElo "2048"]
[PlyCount "33"]
[EventDate "2014.08.16"]
[EventType "swiss"]
[EventRounds "9"]
[EventCountry "HUN"]
[SourceTitle "CBM 161 Extra"]
[Source "ChessBase"]
[SourceDate "2014.08.29"]
[SourceVersion "1"]
[SourceVersionDate "2014.08.29"]
[SourceQuality "1"]

1. e4 e5 2. Nc3 Nc6 3. Bc4 Nf6 4. Nf3 Bb4 5. d3 d6 6. h3 Na5 7. Bb3 Nxb3 8. axb3 c6 9. 0-0 h6 10. Be3 Bxc3 11. bxc3 b6 12. Nh2 Be6 13. c4 0-0 14. f4 exf4 15. Bxf4 d5 16. cxd5 cxd5 17. e5 1-0

[Event "Budapest op 08"]
[Site "Budapest"]
[Date "2012.08.25"]
[Round "8"]
[White "Antal, Attila"]
[Black "Berta, Sandor Martin"]
[Result "1/2-1/2"]
[WhiteElo "2062"]
[BlackElo "1891"]
[PlyCount "114"]
[EventDate "2012.08.18"]
[EventType "swiss"]
[EventRounds "9"]
[EventCountry "HUN"]
[SourceTitle "EXT 2014"]
[Source "ChessBase"]
[SourceDate "2013.11.20"]
[SourceVersion "1"]
[SourceVersionDate "2013.11.20"]
[SourceQuality "1"]

1. e4 c5 2. Nf3 Nf6 3. Nc3 d5 4. exd5 Nxd5 5. Bb5+ Bd7 6. a4 Nf6 7. d4 cxd4 8. Qxd4 a6 9. Bxd7+ Qxd7 10. Be3 Qxd4 11. Nxd4 Nbd7 12. 0-0-0 e6 13. h3 Bb4 14. Na2 Be7 15. Nc3 Bb4 16. Nde2 0-0 17. g4 Rfd8 18. g5 Ne8 19. Kb1 Rac8 20. f4 Ba5 21. Ne4 Bb6 22. Rxd7 Bxe3 23. Rxb7 Nd6 24. Nxd6 Rxd6 25. Rb3 Ba7 26. Rd3 Rdc6 27. Rhd1 Bb6 28. Rd6 f6 29. Rxc6 Rxc6 30. gxf6 gxf6 31. b3 Kf7 32. Rd3 Kg6 33. Ng3 h5 34. h4 a5 35. Rf3 Rc5 36. c4 Bc7 37. Kc2 f5 38. Ne2 Bd8 39. Re3 Kf7 40. Ng3 Bxh4 41. Nxh5 Kg6 42. Ng3 e5 43. Ne2 e4 44. Nc3 Kh5 45. Nxe4 fxe4 46. Rxe4 Bf6 47. Re6 Rf5 48. Rb6 Kg4 49. b4 axb4 50. Rxb4 Kxf4 51. Rb5 Rxb5 52. axb5 Bd4 53. Kb3 Bc5 54. Ka4 Ke5 55. Ka5 Kd6 56. b6 Kc6 57. Ka4 Kxb6 1/2-1/2

[Event "Budapest op 08"]
[Site "Budapest"]
[Date "2012.08.20"]
[Round "3"]
[White "Resika, Nathan A"]
[Black "Antal, Attila"]
[Result "1-0"]
[WhiteElo "2149"]
[BlackElo "2062"]
[PlyCount "63"]
[EventDate "2012.08.18"]
[EventType "swiss"]
[EventRounds "9"]
[EventCountry "HUN"]
[SourceTitle "EXT 2014"]
[Source "ChessBase"]
[SourceDate "2013.11.20"]
[SourceVersion "1"]
[SourceVersionDate "2013.11.20"]
[SourceQuality "1"]

1. Nf3 d5 2. g3 c6 3. Bg2 Nf6 4. c4 dxc4 5. 0-0 e6 6. a4 Be7 7. Na3 Bxa3 8. Rxa3 Nd5 9. Ne5 b5 10. axb5 cxb5 11. d3 Nd7 12. dxc4 Nxe5 13. cxd5 Bb7 14. dxe6 Bxg2 15. exf7+ Kxf7 16. Kxg2 Qxd1 17. Rxd1 Rhe8 18. Re3 Nc4 19. Rd7+ Kg6 20. Rxe8 Rxe8 21. b3 Nb6 22. Rxa7 Nd5 23. e3 Rc8 24. Bb2 Nxe3+ 25. Kf3 Nd1 26. Rxg7+ Kh6 27. Bd4 Rf8+ 28. Ke2 Nxf2 29. Rd7 Rc8 30. Bxf2 Rc2+ 31. Rd2 Rc3 32. b4 1-0

[Event "HUN-chT2 Maroczy 1112"]
[Site "Hungary"]
[Date "2011.11.13"]
[Round "3"]
[White "Antal, Attila"]
[Black "Marjanovic, Annamaria"]
[Result "1-0"]
[WhiteElo "2042"]
[BlackElo "1754"]
[PlyCount "91"]
[EventDate "2011.09.25"]
[EventType "team-tourn"]
[EventRounds "11"]
[EventCountry "HUN"]
[SourceTitle "EXT 2013"]
[Source "ChessBase"]
[SourceDate "2012.11.22"]
[SourceVersion "1"]
[SourceVersionDate "2012.11.22"]
[SourceQuality "1"]
[WhiteTeam "Fuezesabony"]
[BlackTeam "Maroczy"]
[WhiteTeamCountry "HUN"]
[BlackTeamCountry "HUN"]

1. e4 c5 2. Nf3 d6 3. d4 cxd4 4. Qxd4 a6 5. c4 Nc6 6. Qd2 Nf6 7. Nc3 g6 8. b3 Bg7 9. Bb2 0-0 10. Be2 Qa5 11. Nd5 Qxd2+ 12. Nxd2 Nxd5 13. Bxg7 Kxg7 14. exd5 Nd4 15. Bd3 b5 16. 0-0 Rb8 17. Rfe1 Re8 18. Re4 Nf5 19. Nf3 e6 20. g4 Ne7 21. dxe6 fxe6 22. Rae1 Ng8 23. cxb5 axb5 24. Nd4 Nf6 25. Nxe6+ Rxe6 26. Rxe6 Bxe6 27. Rxe6 Nxg4 28. Rxd6 Ne5 29. Be2 b4 30. f4 Nf7 31. Rd7 Ra8 32. Bc4 Rf8 33. Kf2 Kf6 34. Rxf7+ Rxf7 35. Bxf7 Kxf7 36. Ke3 Ke6 37. Kd4 Kf5 38. Kc4 Kg4 39. Kxb4 Kh3 40. a4 Kxh2 41. a5 h5 42. a6 h4 43. a7 Kg3 44. a8Q Kxf4 45. Qg2 g5 46. Qh3 1-0

[Event "HUN-chT2 Maroczy 1011"]
[Site "Hungary"]
[Date "2010.09.12"]
[Round "1"]
[White "Antal, Attila"]
[Black "Horvath, Antal Jr"]
[Result "0-1"]
[WhiteElo "2086"]
[BlackElo "2010"]
[PlyCount "106"]
[EventDate "2010.09.12"]
[EventType "team-tourn"]
[EventRounds "11"]
[EventCountry "HUN"]
[SourceTitle "EXT 2012"]
[Source "ChessBase"]
[SourceDate "2011.11.24"]
[SourceVersion "1"]
[SourceVersionDate "2011.11.24"]
[SourceQuality "1"]
[WhiteTeam "Fuzesabony"]
[BlackTeam "Oroshaza"]
[WhiteTeamCountry "HUN"]
[BlackTeamCountry "HUN"]

1. e4 c5 2. Nf3 e6 3. d4 cxd4 4. Nxd4 a6 5. Nc3 Qc7 6. Bd3 Nf6 7. 0-0 b5 8. Be3 Bb7 9. f4 b4 10. e5 bxc3 11. exf6 gxf6 12. bxc3 Nc6 13. Nb3 Na5 14. Bd4 Rg8 15. Rf2 Nxb3 16. cxb3 f5 17. Be2 Be4 18. Bf3 Qxf4 19. Bxe4 Qxe4 20. Qd2 Qh4 21. g3 Bh6 22. Qe2 Qg4 23. Qxg4 Rxg4 24. Kf1 Re4 25. b4 Be3 26. Bxe3 Rxe3 27. c4 Rc8 28. c5 a5 29. a3 axb4 30. axb4 Rb3 31. Rf4 Rb8 32. Ra4 Rb2 33. Kg1 Rb7 34. Rh4 h5 35. Rxh5 R7xb4 36. Rh8+ Ke7 37. Rxb4 Rxb4 38. h4 Kf6 39. Rd8 Rg4 40. Rxd7 Rxg3+ 41. Kh2 Rc3 42. Rc7 e5 43. h5 f4 44. c6 Kg5 45. Rc8 Rc2+ 46. Kg1 f3 47. c7 Kf4 48. h6 Rc1+ 49. Kf2 e4 50. Re8 e3+ 51. Rxe3 Rc2+ 52. Re2 Rxe2+ 53. Kf1 Rc2 0-1

[Event "Budapest Sinus-B 1st"]
[Site "Budapest"]
[Date "2010.08.21"]
[Round "8"]
[White "Antal, Attila"]
[Black "Szatmari, David"]
[Result "1-0"]
[WhiteElo "2095"]
[BlackElo "1910"]
[PlyCount "93"]
[EventDate "2010.08.14"]
[EventType "tourn"]
[EventRounds "9"]
[EventCountry "HUN"]
[SourceTitle "CBM 138 Extra"]
[Source "ChessBase"]
[SourceDate "2010.10.29"]
[SourceVersion "1"]
[SourceVersionDate "2010.10.29"]
[SourceQuality "1"]

1. e4 e5 2. Nf3 Nc6 3. Bc4 Bc5 4. c3 Nf6 5. d3 a6 6. 0-0 Ba7 7. Bg5 h6 8. Bh4 g5 9. Bg3 d6 10. b4 Bg4 11. Nbd2 Nh5 12. Re1 Qf6 13. a4 Nxg3 14. hxg3 h5 15. b5 Na5 16. bxa6 h4 17. axb7 Rb8 18. gxh4 Rxh4 19. Qb1 Bxf3 20. Nxf3 Rg4 21. Kf1 Rxb7 22. Bb5+ Ke7 23. d4 Qh6 24. Qd3 Qh1+ 25. Ke2 Qh7 26. dxe5 Rxg2 27. exd6+ cxd6 28. Nd4 Qh5+ 29. Qf3 Qh2 30. Rh1 g4 31. Rxh2 gxf3+ 32. Nxf3 Rxh2 33. Nxh2 Rc7 34. c4 Nb3 35. Rf1 Nd4+ 36. Kd3 Ke6 37. f4 f5 38. Nf3 Nxf3 39. Rxf3 Re7 40. Rh3 fxe4+ 41. Kxe4 Rf7 42. Rh6+ Ke7 43. f5 Bc5 44. Re6+ Kd8 45. f6 Rh7 46. Kd5 Rf7 47. Re8+ 1-0

[Event "Budapest Sinus-B 1st"]
[Site "Budapest"]
[Date "2010.08.17"]
[Round "4"]
[White "Antal, Attila"]
[Black "Zoldy, Robert"]
[Result "1-0"]
[WhiteElo "2095"]
[BlackElo "1973"]
[PlyCount "57"]
[EventDate "2010.08.14"]
[EventType "tourn"]
[EventRounds "9"]
[EventCountry "HUN"]
[SourceTitle "CBM 138 Extra"]
[Source "ChessBase"]
[SourceDate "2010.10.29"]
[SourceVersion "1"]
[SourceVersionDate "2010.10.29"]
[SourceQuality "1"]

1. e4 c5 2. Nf3 Nc6 3. d4 cxd4 4. Nxd4 Nf6 5. Nc3 e5 6. Ndb5 d6 7. Bg5 a6 8. Na3 b5 9. Bxf6 gxf6 10. Nd5 Bg7 11. Bd3 Be6 12. 0-0 0-0 13. Qh5 Ne7 14. Nxe7+ Qxe7 15. c3 Qd7 16. Nc2 Bg4 17. Qh4 f5 18. f3 fxe4 19. Bxe4 Bf5 20. Bxa8 Rxa8 21. Ne3 Be6 22. Ng4 Kh8 23. Nf6 Bxf6 24. Qxf6+ Kg8 25. f4 e4 26. f5 Bc4 27. Rf4 Rd8 28. Rg4+ Kf8 29. Qh8+ 1-0

[Event "HUN-chT2 Maroczy 0910"]
[Site "Hungary"]
[Date "2010.02.28"]
[Round "7"]
[White "Antal, Attila"]
[Black "Laszlo, Zoltan"]
[Result "1-0"]
[WhiteElo "2081"]
[BlackElo "2069"]
[PlyCount "63"]
[EventDate "2009.11.08"]
[EventType "team-tourn"]
[EventRounds "11"]
[EventCountry "HUN"]
[SourceTitle "EXT 2011"]
[Source "ChessBase"]
[SourceDate "2010.11.26"]
[SourceVersion "1"]
[SourceVersionDate "2010.11.26"]
[SourceQuality "1"]
[WhiteTeam "Fenstherm"]
[BlackTeam "Miskolc EMSE"]
[WhiteTeamCountry "HUN"]
[BlackTeamCountry "HUN"]

1. e4 e6 2. d4 d5 3. e5 c5 4. c3 Nc6 5. Nf3 Qb6 6. a3 c4 7. Nbd2 Bd7 8. Be2 Be7 9. 0-0 Nh6 10. h3 Nf5 11. g4 Nh6 12. b3 cxb3 13. Nxb3 0-0-0 14. Rb1 Qc7 15. Qc2 Rdg8 16. Bd3 g5 17. Bxh7 Rg7 18. Bd3 f5 19. exf6 Bxf6 20. Nc5 Na5 21. Nxd7 Rxd7 22. Kg2 Nc4 23. Bxc4 Qxc4 24. Bxg5 Bxg5 25. Nxg5 Nxg4 26. hxg4 Rg8 27. f4 e5 28. Rb4 Qc6 29. dxe5 Rxg5 30. fxg5 d4+ 31. Kg3 d3 32. Qg2 1-0

[Event "Eger Tavasz op"]
[Site "Eger"]
[Date "2009.06.01"]
[Round "6"]
[White "Antal, Attila"]
[Black "Papp Zoltan, Csaba"]
[Result "0-1"]
[WhiteElo "2087"]
[BlackElo "2310"]
[PlyCount "44"]
[EventDate "2009.05.29"]
[EventType "swiss"]
[EventRounds "7"]
[EventCountry "HUN"]
[SourceTitle "EXT 2011"]
[Source "ChessBase"]
[SourceDate "2010.11.26"]
[SourceVersion "1"]
[SourceVersionDate "2010.11.26"]
[SourceQuality "1"]

1. e4 c5 2. Nf3 e6 3. d4 cxd4 4. Nxd4 a6 5. Nc3 Qc7 6. Bd3 Nf6 7. 0-0 d6 8. Kh1 Nbd7 9. f4 b6 10. Qf3 Bb7 11. Bd2 g6 12. Rae1 h5 13. Qg3 h4 14. Qh3 0-0-0 15. b4 Bg7 16. Nde2 Rdg8 17. Ng1 Nh5 18. Nce2 f5 19. Qe3 Nhf6 20. Nd4 Ng4 21. Nxe6 Nxe3 22. Nxc7 Nxf1 0-1

[Event "Eger Tavasz op"]
[Site "Eger"]
[Date "2009.05.31"]
[Round "5"]
[White "Balogh, Pal"]
[Black "Antal, Attila"]
[Result "0-1"]
[WhiteElo "1942"]
[BlackElo "2087"]
[PlyCount "42"]
[EventDate "2009.05.29"]
[EventType "swiss"]
[EventRounds "7"]
[EventCountry "HUN"]
[SourceTitle "EXT 2011"]
[Source "ChessBase"]
[SourceDate "2010.11.26"]
[SourceVersion "1"]
[SourceVersionDate "2010.11.26"]
[SourceQuality "1"]

1. e4 e5 2. d4 exd4 3. Nf3 Nc6 4. Bc4 Nf6 5. 0-0 Bc5 6. e5 d5 7. Bb5 Ne4 8. Bxc6+ bxc6 9. Nxd4 Ba6 10. Be3 Bxf1 11. Kxf1 Bxd4 12. Qxd4 0-0 13. f3 c5 14. Qa4 d4 15. Bf4 Qh4 16. g3 Qh3+ 17. Kg1 g5 18. Bd2 Nxg3 19. hxg3 Qxg3+ 20. Kh1 Rae8 21. Qc6 Re6 0-1

[Event "HUN-chT2 Maroczy 0809"]
[Site "Hungary"]
[Date "2009.04.19"]
[Round "11"]
[White "Antal, Attila"]
[Black "Toviskes, Antal"]
[Result "1-0"]
[WhiteElo "2087"]
[BlackElo "2067"]
[PlyCount "125"]
[EventDate "2008.10.26"]
[EventType "team-tourn"]
[EventRounds "11"]
[EventCountry "HUN"]
[SourceTitle "EXT 2010"]
[Source "ChessBase"]
[SourceDate "2010.11.25"]
[SourceVersion "1"]
[SourceVersionDate "2010.11.25"]
[SourceQuality "1"]
[WhiteTeam "Fuzesabony"]
[BlackTeam "Hajduboszormeny"]
[WhiteTeamCountry "HUN"]
[BlackTeamCountry "HUN"]

1. e4 c5 2. Nf3 d6 3. d4 cxd4 4. Qxd4 a6 5. c4 Nc6 6. Qd2 g6 7. b3 Bg7 8. Nc3 Nf6 9. Bb2 0-0 10. Be2 Bd7 11. 0-0 Rc8 12. Rfd1 Bg4 13. h3 Be6 14. Rac1 Qa5 15. Bd3 Qh5 16. Qe2 Nb4 17. Nd4 Bh6 18. Rb1 Bd7 19. a3 Nxd3 20. Qxd3 Qc5 21. Kh1 Nh5 22. Nd5 Rfe8 23. g4 Nf4 24. Qe3 e5 25. Nf6+ Kg7 26. Nxe8+ Rxe8 27. Qg3 Kg8 28. Nc2 Bc6 29. f3 Qb6 30. Nb4 Qe3 31. Bc1 Qe2 32. Bxf4 Bxf4 33. Qg2 Qe3 34. Rd3 Qc5 35. Qg1 Qa5 36. Nxc6 bxc6 37. b4 Qc7 38. Rbd1 Re6 39. Qf2 g5 40. Kg2 h5 41. c5 d5 42. exd5 cxd5 43. Rxd5 hxg4 44. hxg4 e4 45. Rd8+ Kg7 46. Qd4+ Be5 47. Qxe4 Qe7 48. R1d7 Qf6 49. Qf5 Bb2 50. Qxf6+ Kxf6 51. c6 Rxc6 52. Rd6+ Rxd6 53. Rxd6+ Ke5 54. Rxa6 Kd5 55. Ra5+ Kc6 56. Rxg5 Bxa3 57. b5+ Kb6 58. Rf5 Bc1 59. Kf2 f6 60. Rxf6+ Kxb5 61. Re6 Kc5 62. Kg3 Kd5 63. Re2 1-0

[Event "HUN-chT2 Maroczy 0809"]
[Site "Hungary"]
[Date "2008.11.02"]
[Round "2"]
[White "Antal, Attila"]
[Black "Waldmann, Ivan"]
[Result "1/2-1/2"]
[WhiteElo "2087"]
[BlackElo "2244"]
[PlyCount "105"]
[EventDate "2008.10.26"]
[EventType "team-tourn"]
[EventRounds "11"]
[EventCountry "HUN"]
[SourceTitle "EXT 2010"]
[Source "ChessBase"]
[SourceDate "2010.11.25"]
[SourceVersion "1"]
[SourceVersionDate "2010.11.25"]
[SourceQuality "1"]
[WhiteTeam "Fuzesabony"]
[BlackTeam "MLTC II"]
[WhiteTeamCountry "HUN"]
[BlackTeamCountry "HUN"]

1. e4 c5 2. Nf3 e6 3. d4 cxd4 4. Nxd4 a6 5. Nc3 Qc7 6. Bd3 d6 7. 0-0 Nf6 8. Kh1 Be7 9. f4 0-0 10. Qf3 b5 11. f5 b4 12. Nce2 e5 13. Nb3 Bb7 14. c4 bxc3 15. Nxc3 d5 16. exd5 Rd8 17. Qg3 Kh8 18. Bg5 Nbd7 19. Rac1 Qd6 20. Rfd1 h6 21. Bxf6 Nxf6 22. Be4 Qb4 23. Qxe5 Bd6 24. Qd4 a5 25. Bf3 a4 26. Qxb4 Bxb4 27. Na1 a3 28. bxa3 Rxa3 29. Nc2 Rxc3 30. Nxb4 Ra3 31. Rc7 Bc8 32. Nc6 Re8 33. Ra7 Rd3 34. h3 Rxd1+ 35. Bxd1 Re1+ 36. Kh2 Rxd1 37. Ra8 Rxd5 38. Rxc8+ Kh7 39. a4 Rd2 40. a5 Ra2 41. Rf8 h5 42. Ra8 Ne4 43. Ne5 Nd6 44. a6 Nxf5 45. a7 Nd6 46. Nc6 Nb5 47. Kg3 Ra6 48. Kf4 Kg6 49. Ne7+ Kf6 50. Ng8+ Kg6 51. Ne7+ Kf6 52. Ng8+ Kg6 53. Ne7+ 1/2-1/2

[Event "Nyiregyhaza op"]
[Site "Nyiregyhaza"]
[Date "2008.07.27"]
[Round "7"]
[White "Antal, Attila"]
[Black "Csonka, Balazs"]
[Result "1/2-1/2"]
[WhiteElo "2079"]
[BlackElo "1955"]
[PlyCount "34"]
[EventDate "2008.07.23"]
[EventType "swiss"]
[EventRounds "7"]
[EventCountry "HUN"]
[SourceTitle "EXT 2009"]
[Source "ChessBase"]
[SourceDate "2008.11.26"]
[SourceVersion "1"]
[SourceVersionDate "2008.11.26"]
[SourceQuality "1"]

1. e4 e6 2. d4 d5 3. e5 b6 4. Bd3 Ba6 5. Nf3 Bxd3 6. Qxd3 c5 7. c3 Nd7 8. 0-0 Ne7 9. Na3 a6 10. Nc2 c4 11. Qe2 Nf5 12. Ne3 Nxe3 13. Bxe3 Be7 14. Nd2 h5 15. f4 g6 16. g3 b5 17. a3 Nb6 1/2-1/2

[Event "Nyiregyhaza op"]
[Site "Nyiregyhaza"]
[Date "2008.07.25"]
[Round "4"]
[White "Bakos, Balazs"]
[Black "Antal, Attila"]
[Result "1-0"]
[WhiteElo "2374"]
[BlackElo "2079"]
[PlyCount "65"]
[EventDate "2008.07.23"]
[EventType "swiss"]
[EventRounds "7"]
[EventCountry "HUN"]
[SourceTitle "EXT 2009"]
[Source "ChessBase"]
[SourceDate "2008.11.26"]
[SourceVersion "1"]
[SourceVersionDate "2008.11.26"]
[SourceQuality "1"]

1. d4 d5 2. c4 c6 3. Nf3 Nf6 4. e3 Bf5 5. cxd5 cxd5 6. Qb3 Qc7 7. Bd2 e6 8. Nc3 Nc6 9. Rc1 Nd7 10. Nh4 Bg6 11. Be2 Be7 12. Nxg6 hxg6 13. h3 f5 14. Bf3 Nf6 15. a3 g5 16. g3 g4 17. hxg4 Rxh1+ 18. Bxh1 Nxg4 19. Qc2 Bh4 20. Nxd5 exd5 21. Qxf5 Nxf2 22. Qg6+ Kf8 23. Kxf2 Bf6 24. Bb4+ Be7 25. Rf1 Nxb4 26. axb4 Rd8 27. Bf3 Rd6 28. Qd3 Rf6 29. Kg2 Qd6 30. Rh1 Rg6 31. Rh8+ Kf7 32. Qf5+ Qf6 33. Bxd5# 1-0

[Event "Nyiregyhaza op"]
[Site "Nyiregyhaza"]
[Date "2008.07.23"]
[Round "1"]
[White "Antal, Attila"]
[Black "Flumbort, Andras"]
[Result "1/2-1/2"]
[WhiteElo "2079"]
[BlackElo "2495"]
[PlyCount "108"]
[EventDate "2008.07.23"]
[EventType "swiss"]
[EventRounds "7"]
[EventCountry "HUN"]
[SourceTitle "EXT 2009"]
[Source "ChessBase"]
[SourceDate "2008.11.26"]
[SourceVersion "1"]
[SourceVersionDate "2008.11.26"]
[SourceQuality "1"]

1. e4 c5 2. Nf3 d6 3. d4 cxd4 4. Qxd4 a6 5. c4 Nc6 6. Qd2 g6 7. b3 Bg7 8. Nc3 Nf6 9. Bb2 0-0 10. Be2 Bg4 11. 0-0 Qa5 12. Rfd1 b5 13. cxb5 axb5 14. h3 Bxf3 15. Bxf3 Nd7 16. Nd5 Qxd2 17. Rxd2 Bxb2 18. Rxb2 e6 19. Nc3 Nd4 20. Rd1 e5 21. Ne2 Nxf3+ 22. gxf3 Ra6 23. Nc3 b4 24. Nb5 Nc5 25. Rxd6 Rxd6 26. Nxd6 Nd3 27. Rb1 Ra8 28. Ra1 Nf4 29. h4 f6 30. Nb5 Rd8 31. a4 bxa3 32. Rxa3 Rd1+ 33. Kh2 Rf1 34. Ra2 Rb1 35. Nd6 Rxb3 36. Ra8+ Kg7 37. Ra7+ Kf8 38. Rxh7 Rxf3 39. Rf7+ Kg8 40. Rxf6 Rxf2+ 41. Kg3 Rd2 42. Nc4 Rd4 43. Rc6 Rxe4 44. Nxe5 Ne2+ 45. Kf3 Rxe5 46. Rxg6+ Kf7 47. Ra6 Nc3 48. Kf4 Re7 49. Kf5 Nd5 50. Kg5 Re5+ 51. Kg4 Re4+ 52. Kg5 Re5+ 53. Kg4 Re4+ 54. Kg5 Re5+ 1/2-1/2